Sports Quiz

Random Sports or Soccer Quiz
Score 0/55 Timer 12:00
0 Plays Today
Сезон Футболист % Correct
2013/14Артём Дзюба
96.8%
2015/16Артём Дзюба
96.8%
2019/20*Артём Дзюба
96.8%
2008Вагнер Лав
89.4%
2019/20*Сердар Азмун
86.7%
2004Александр Кержаков
86.7%
2011/12Александр Кержаков
86.7%
2006Роман Павлюченко
77.2%
2013/14Халк
75.4%
2014/15Халк
75.4%
2015/16Халк
75.4%
2011/12Сейду Думбия
72.6%
2013/14Сейду Думбия
72.6%
2009Веллитон
70.8%
2010Веллитон
70.8%
2015/16Фёдор Смолов
70.5%
2016/17Фёдор Смолов
70.5%
1995Олег Веретенников
66.7%
1993Олег Веретенников
66.7%
1997Олег Веретенников
66.7%
1996Олег Веретенников
66.7%
1998Олег Веретенников
66.7%
2004Дмитрий Сычёв
64.4%
1996Андрей Тихонов
62.9%
1999Андрей Тихонов
62.9%
2018/19Фёдор Чалов
62.7%
2000Дмитрий Лоськов
61.2%
2015/16Куинси Промес
55.8%
Сезон Футболист % Correct
2017/18Куинси Промес
55.8%
1993Владимир Бесчастных
55.3%
2019/20*Евгений Луценко
54.7%
2002Дмитрий Кириченко
51.3%
2009Александр Бухаров
46.5%
2009Алехандро Домингес
40.7%
2004Александр Панов
35.1%
2002Ролан Гусев
34.9%
2004Андрей Каряка
33.5%
2013/14Юра Мовсисян
32.7%
1993Виктор Панченко
27.9%
1993Игорь Симутенков
26.3%
1994Игорь Симутенков
26.3%
1999Георгий Деметрадзе
26.2%
1996Владимир Нидергаус
25.8%
1995Александр Маслов
24%
1996Александр Маслов
24%
2011/12Ласина Траоре
23.3%
2001Дмитрий Вязьмикин
22.2%
1996Дмитрий Черышев
22%
1997Олег Терёхин
20.5%
1992Юрий Матвеев
19.2%
1992Вели Касумов
18.6%
1992Олег Гарин
18.3%
1994Олег Гарин
18.3%
1995Валерий Шмаров
17%
1999Владимир Кулик
14.6%
Remove Ads.
Support Sporcle.
Get the best of Sporcle when you Go Orange. This ad-free experience offers more features, more stats, and more fun while also helping to support Sporcle. Thank you for becoming a member.

You're not logged in!

Compare scores with friends on all Sporcle quizzes.
OR
Log In

Sporcle TV

Today on Sporcle TV


Watch our educational content, quiz creation guides, and fun videos on Sporcle TV.

Show Comments

Extras

Created Jul 15, 2020ReportNominate
Tags:Football Quiz, Soccer Quiz

Top Quizzes Today


Score Distribution

Paid Content

Your Account Isn't Verified!

In order to create a playlist on Sporcle, you need to verify the email address you used during registration. Go to your Sporcle Settings to finish the process.

Report this User

Report this user for behavior that violates our Community Guidelines.

Details: